Enciclopedia práctica preescolar
Na minha lista:
| Autor principal: | |
|---|---|
| Outros Autores: | , |
| Formato: | Livro |
| Idioma: | espanhol |
| Publicado em: |
Latina.
1975.
|
| Assuntos: | |
| Tags: |
Adicionar Tag
Sem tags, seja o primeiro a adicionar uma tag!
|
MARC
| LEADER | 00000nam a22000005a 4500 | ||
|---|---|---|---|
| 001 | 14109 | ||
| 003 | CL-ChBUA | ||
| 005 | 20120815103513.0 | ||
| 008 | 070301s1975 ag 000 0 spa | ||
| 040 | |a CL-ChBUA |c CL-ChBUA | ||
| 082 | 0 | 0 | |a 372.218 |
| 090 | |c 14109 |d 14109 | ||
| 100 | 1 | |a González Canda, Matilde L. de. | |
| 245 | 1 | 0 | |a Enciclopedia práctica preescolar |
| 260 | |b Latina. |c 1975. | ||
| 300 | |c 25 cm. | ||
| 504 | |a Indice. | ||
| 650 | 4 | |a EDUCACION PREESCOLAR. | |
| 650 | 4 | |a NIÑOS. | |
| 650 | 4 | |a ENCICLOPEDIAS. | |
| 700 | 1 | |a Capizzano de Capalbo, Beatríz. | |
| 700 | 1 | |a Casullo de Más Vélez, Marta. | |
| 942 | |c LIBR | ||
| 952 | |0 0 |1 0 |4 0 |7 0 |9 19877 |a UNACH |b UNACH |c REA |d 2007-03-05 |i 18.951 |l 0 |o R372.218 / En 56. v.1 |p 20876 |r 2012-12-27 00:00:00 |u 19877 |w 2012-08-08 |y LIBR |k R372.218 / En 56. v.1 | ||
| 952 | |0 0 |1 0 |4 0 |7 0 |9 19878 |a UNACH |b UNACH |c REA |d 2007-03-05 |i 18.952 |l 0 |o R 372.218 / En 56. v.2 |p 20877 |r 2012-12-27 00:00:00 |u 19878 |w 2012-08-08 |y LIBR |k R 372.218 / En 56. v.2 | ||
| 952 | |0 0 |1 0 |4 0 |7 0 |9 19879 |a UNACH |b UNACH |c REA |d 2007-03-05 |i 18.953 |l 0 |o R372.218 / En 56. v.3 |p 20878 |r 2012-12-27 00:00:00 |u 19879 |w 2012-08-08 |y LIBR |k R372.218 / En 56. v.3 | ||
| 999 | |c 14109 |d 14109 | ||